Child and family assessment in social work practice / (Record no. 14431)
[ view plain ]
| 000 -LEADER | |
|---|---|
| fixed length control field | 01533cam a2200361 a 4500 |
| 001 - CONTROL NUMBER | |
| control field | 13258419 |
| 005 - DATE AND TIME OF LATEST TRANSACTION | |
| control field | 20170105102855.0 |
| 008 - FIXED-LENGTH DATA ELEMENTS--GENERAL INFORMATION | |
| fixed length control field | 030701s2004 enka b 001 0 eng |
| 010 ## - LIBRARY OF CONGRESS CONTROL NUMBER | |
| LC control number | 2003109255 |
| 015 ## - NATIONAL BIBLIOGRAPHY NUMBER | |
| National bibliography number | GBA3-T7000 |
| 020 ## - INTERNATIONAL STANDARD BOOK NUMBER | |
| International Standard Book Number | 076194902X (pbk.) |
| 020 ## - INTERNATIONAL STANDARD BOOK NUMBER | |
| International Standard Book Number | 0761949011 |
| 035 ## - SYSTEM CONTROL NUMBER | |
| System control number | (OCoLC)ocm53389321 |
| 040 ## - CATALOGING SOURCE | |
| Original cataloging agency | UKM |
| Transcribing agency | UKM |
| Modifying agency | C#P |
| -- | OCLCQ |
| -- | IBS |
| -- | DLC |
| 042 ## - AUTHENTICATION CODE | |
| Authentication code | lccopycat |
| 050 00 - LIBRARY OF CONGRESS CALL NUMBER | |
| Classification number | HV697 |
| Item number | .H65 2004 |
| 082 04 - DEWEY DECIMAL CLASSIFICATION NUMBER | |
| Classification number | 362.7 |
| Edition number | 21 |
| 100 1# - MAIN ENTRY--PERSONAL NAME | |
| Personal name | Holland, Sally. |
| 245 10 - TITLE STATEMENT | |
| Title | Child and family assessment in social work practice / |
| Statement of responsibility, etc. | Sally Holland. |
| 260 ## - PUBLICATION, DISTRIBUTION, ETC. | |
| Place of publication, distribution, etc. | London ; |
| -- | Thousand Oaks, Calif. : |
| Name of publisher, distributor, etc. | SAGE, |
| Date of publication, distribution, etc. | 2004. |
| 300 ## - PHYSICAL DESCRIPTION | |
| Extent | 176 p. : |
| Other physical details | ill. ; |
| Dimensions | 25 cm. |
| 504 ## - BIBLIOGRAPHY, ETC. NOTE | |
| Bibliography, etc. note | Includes bibliographical references (p. [162]-174) and index. |
| 505 0# - FORMATTED CONTENTS NOTE | |
| Formatted contents note | Assessment in child care social work -- The nature of assessment -- Time and change -- The assessment relationship -- Children in assessments -- Assessing parents : parenting skills and parental relationships -- Assessment design -- Analysing and reporting. |
| 650 #0 - SUBJECT ADDED ENTRY--TOPICAL TERM | |
| Topical term or geographic name entry element | Family social work. |
| 650 #0 - SUBJECT ADDED ENTRY--TOPICAL TERM | |
| Topical term or geographic name entry element | Social work with children. |
| 650 #0 - SUBJECT ADDED ENTRY--TOPICAL TERM | |
| Topical term or geographic name entry element | Family assessment. |
| 856 42 - ELECTRONIC LOCATION AND ACCESS | |
| Materials specified | Publisher description |
| Uniform Resource Identifier | <a href="http://www.loc.gov/catdir/enhancements/fy0657/2003109255-d.html">http://www.loc.gov/catdir/enhancements/fy0657/2003109255-d.html</a> |
| 856 41 - ELECTRONIC LOCATION AND ACCESS | |
| Materials specified | Table of contents only |
| Uniform Resource Identifier | <a href="http://www.loc.gov/catdir/enhancements/fy0657/2003109255-t.html">http://www.loc.gov/catdir/enhancements/fy0657/2003109255-t.html</a> |
| 906 ## - LOCAL DATA ELEMENT F, LDF (RLIN) | |
| a | 7 |
| b | cbc |
| c | copycat |
| d | 3 |
| e | ncip |
| f | 20 |
| g | y-gencatlg |
| 942 ## - ADDED ENTRY ELEMENTS (KOHA) | |
| Source of classification or shelving scheme | |
| Koha item type | Book |
| Withdrawn status | Lost status | Damaged status | Not for loan | Collection code | Permanent Location | Current Location | Shelving location | Date acquired | Total Checkouts | Full call number | Barcode | Date last seen | Price effective from | Koha item type |
|---|---|---|---|---|---|---|---|---|---|---|---|---|---|---|
| Centre for International Peace & Stability (CIPS) | Centre for International Peace & Stability (CIPS) | General Stacks | 08/27/2013 | 362.7 HOL 2004 | CIPS0000736 | 08/27/2013 | 08/27/2013 | Book |
